[Event "4ème Open International des Sables d'Olo"]
[Site "Les Sables d'Olonne ; France"]
[Date "2017.07.15"]
[Round "1.1"]
[White "Ortiz Suarez, Isan Reynaldo"]
[Black "Potrel, Manu"]
[Result "1-0"]
[WhiteElo "2565"]
[BlackElo "2145"]
[PlyCount "49"]
[EventDate "2017.??.??"]

1. Nf3 Nf6 2. c4 g6 3. g3 Bg7 4. Bg2 O-O 5. O-O c5 6. d4 cxd4 7. Nxd4 d6 8. Nc3
Ng4 9. e3 Nc6 10. b3 Nge5 11. Bb2 Bg4 12. f3 Bd7 13. Qd2 Nxd4 14. exd4 Nc6 15.
d5 Ne5 16. Kh1 a5 17. h3 g5 18. Ne4 h6 19. f4 gxf4 20. gxf4 Ng6 21. Bxg7 Kxg7
22. f5 Ne5 23. f6+ exf6 24. Rxf6 Ng6 25. Qd4 1-0

[Event "4ème Open International des Sables d'Olo"]
[Site "Les Sables d'Olonne ; France"]
[Date "2017.07.15"]
[Round "1.2"]
[White "Flachet, Thierry"]
[Black "Bailet, Pierre"]
[Result "0-1"]
[WhiteElo "2128"]
[BlackElo "2525"]
[PlyCount "78"]
[EventDate "2017.??.??"]

1. Nf3 Nf6 2. c4 g6 3. Nc3 Bg7 4. e4 d6 5. d4 O-O 6. Be2 Nbd7 7. O-O e5 8. d5
Nc5 9. Qc2 a5 10. Ne1 c6 11. Be3 cxd5 12. cxd5 b6 13. f3 Nh5 14. Qd2 f5 15. Nd3
Nf6 16. Nxc5 bxc5 17. b3 Rf7 18. Rab1 f4 19. Bf2 g5 20. g4 h5 21. h3 Bf8 22.
Kg2 Rh7 23. Rh1 Raa7 24. a3 Rab7 25. Be1 Qe8 26. Bf2 Rh6 27. Qd3 Qg6 28. Qc4
Qh7 29. b4 axb4 30. axb4 Rxb4 31. Rxb4 cxb4 32. Qxc8 bxc3 33. Qf5 hxg4 34. fxg4
Qxf5 35. exf5 e4 36. Bd1 Bg7 37. Bc2 e3 38. Be1 Nd7 39. h4 Ne5 0-1

[Event "4ème Open International des Sables d'Olo"]
[Site "Les Sables d'Olonne ; France"]
[Date "2017.07.15"]
[Round "1.3"]
[White "Koziak, Vitali"]
[Black "Mariette, Lucas"]
[Result "1-0"]
[WhiteElo "2510"]
[BlackElo "2124"]
[PlyCount "63"]
[EventDate "2017.??.??"]

1. d4 Nf6 2. c4 g6 3. Nc3 d5 4. Nf3 Bg7 5. Bf4 O-O 6. Rc1 c6 7. e3 Be6 8. c5
Ne4 9. Be2 Nd7 10. O-O h6 11. h3 f5 12. Bh2 Bf7 13. b4 Re8 14. b5 e5 15. Qa4
Nxc3 16. Rxc3 exd4 17. Nxd4 Bxd4 18. Qxd4 Re4 19. Qd2 Qa5 20. Qb2 Rb4 21. Rb3
Rxb3 22. axb3 Qb4 23. bxc6 bxc6 24. Bd6 a5 25. Ra1 Ra7 26. Bf3 Rb7 27. Qd4 Qb5
28. Ra4 Be6 29. Qh4 Kg7 30. Qd8 Ra7 31. Rh4 Qxb3 32. Rxh6 1-0

[Event "4ème Open International des Sables d'Olo"]
[Site "Les Sables d'Olonne ; France"]
[Date "2017.07.15"]
[Round "1.4"]
[White "Goupil, Arnaud"]
[Black "Inkiov, Ventzislav"]
[Result "0-1"]
[WhiteElo "2097"]
[BlackElo "2459"]
[PlyCount "60"]
[EventDate "2017.??.??"]

1. d4 Nf6 2. Nf3 e6 3. Bf4 c5 4. e3 Nc6 5. c3 d5 6. Nbd2 Bd6 7. Bg3 O-O 8. Bd3
Re8 9. O-O e5 10. dxe5 Nxe5 11. Nxe5 Bxe5 12. Bxe5 Rxe5 13. e4 dxe4 14. Nxe4
Rd5 15. Nxc5 Bf5 16. Bxf5 Rxd1 17. Raxd1 Qb6 18. b4 g6 19. Bh3 Qc7 20. Rd3 b6
21. Nd7 Ne4 22. Rc1 Rd8 23. f3 Ng5 24. Rcd1 Nxh3+ 25. gxh3 Kg7 26. Kg2 Re8 27.
R1d2 Re1 28. Rc2 Qf4 29. Rd4 Qg5+ 30. Rg4 Qe3 0-1

[Event "4ème Open International des Sables d'Olo"]
[Site "Les Sables d'Olonne ; France"]
[Date "2017.07.15"]
[Round "1.5"]
[White "Legky, Nikolay A"]
[Black "Wahiche, Geoffrey"]
[Result "1-0"]
[WhiteElo "2443"]
[BlackElo "2083"]
[PlyCount "87"]
[EventDate "2017.??.??"]

1. b3 Nf6 2. Bb2 g6 3. Bxf6 exf6 4. c4 Bg7 5. Nc3 f5 6. g3 O-O 7. e3 d6 8. Bg2
Nd7 9. Nge2 Nf6 10. O-O Ne4 11. Qc2 Re8 12. Rac1 Nxc3 13. Nxc3 a5 14. Rfd1 c6
15. d4 Qc7 16. Na4 Bf8 17. c5 dxc5 18. Nxc5 Bxc5 19. Qxc5 Qe7 20. d5 cxd5 21.
Qxe7 Rxe7 22. a4 Be6 23. Bxd5 Rd8 24. Bc4 Rxd1+ 25. Rxd1 Bxc4 26. bxc4 Rc7 27.
Rd4 Rc6 28. Kf1 Rb6 29. Ke2 Rb2+ 30. Kd3 Rxf2 31. Rd5 b6 32. Rb5 Rxh2 33. Rxb6
Ra2 34. Rb8+ Kg7 35. c5 Ra1 36. Kd4 Rxa4+ 37. Kd5 Ra3 38. c6 Rxe3 39. c7 Rc3
40. c8=Q Rxc8 41. Rxc8 Kf6 42. Kd4 h5 43. Ke3 Kg5 44. Kf3 1-0

[Event "4ème Open International des Sables d'Olo"]
[Site "Les Sables d'Olonne ; France"]
[Date "2017.07.15"]
[Round "1.6"]
[White "Haie, Arnaud"]
[Black "Grishchenko, Sergey"]
[Result "1/2-1/2"]
[WhiteElo "2081"]
[BlackElo "2439"]
[PlyCount "74"]
[EventDate "2017.??.??"]

1. e4 c6 2. d4 d5 3. e5 c5 4. dxc5 e6 5. a3 Bxc5 6. b4 Bb6 7. Nf3 Ne7 8. Bd3
Ng6 9. O-O Nc6 10. Re1 a6 11. Bb2 O-O 12. Nbd2 Bd7 13. g3 Qb8 14. Qe2 Qa7 15.
c4 Rad8 16. c5 Bc7 17. h4 f6 18. exf6 gxf6 19. Bxg6 hxg6 20. h5 e5 21. hxg6 Bg4
22. Qe3 Kg7 23. Nh4 Ne7 24. Ndf3 Nxg6 25. Nxg6 Kxg6 26. Nh4+ Kg7 27. f4 d4 28.
Qd3 Bh5 29. Qf5 Be8 30. fxe5 fxe5 31. Qg5+ Kh7 32. Rxe5 Bxe5 33. Qxe5 Qb8 34.
Qe4+ Kg8 35. Qg4+ Kh7 36. Qe4+ Kg8 37. Qg4+ Kh7 1/2-1/2

[Event "4ème Open International des Sables d'Olo"]
[Site "Les Sables d'Olonne ; France"]
[Date "2017.07.15"]
[Round "1.7"]
[White "Dijkhuis, Tycho"]
[Black "Batteux, Mickael"]
[Result "1-0"]
[WhiteElo "2417"]
[BlackElo "2076"]
[PlyCount "69"]
[EventDate "2017.??.??"]

1. e4 Nf6 2. e5 Nd5 3. d4 d6 4. c4 Nb6 5. f4 dxe5 6. fxe5 c5 7. d5 g6 8. Nc3
Bg7 9. Bf4 O-O 10. Be2 e6 11. Nf3 exd5 12. cxd5 Na6 13. O-O Nb4 14. Bg5 f6 15.
exf6 Bxf6 16. Bxf6 Qxf6 17. a3 Na6 18. Qd2 Bf5 19. Qh6 Qg7 20. Qh4 Rae8 21.
Rad1 Nc7 22. Qf2 Nd7 23. Rfe1 a6 24. Qg3 Nf6 25. Ng5 h6 26. d6 Ne6 27. Nxe6
Bxe6 28. Bd3 Kh7 29. Re5 Nd7 30. Ree1 Nf6 31. h3 Nh5 32. Qe5 Qxe5 33. Rxe5 c4
34. Rxh5 cxd3 35. Rc5 1-0

[Event "4ème Open International des Sables d'Olo"]
[Site "Les Sables d'Olonne ; France"]
[Date "2017.07.15"]
[Round "1.8"]
[White "Lux, Gregory"]
[Black "Haub, Thorsten Michael"]
[Result "0-1"]
[WhiteElo "2068"]
[BlackElo "2414"]
[PlyCount "108"]
[EventDate "2017.??.??"]

1. d4 g6 2. c3 Bg7 3. Bg5 f5 4. f3 Nf6 5. Nd2 O-O 6. e3 d6 7. Bd3 e5 8. Qb3+
Kh8 9. Ne2 Qe7 10. O-O-O c5 11. dxc5 dxc5 12. e4 f4 13. g4 a6 14. Bc4 b5 15.
Bd5 c4 16. Bxf6 Bxf6 17. Qb4 Ra7 18. Qxe7 Bxe7 19. Kc2 Nd7 20. Be6 Rf6 21. Bxd7
Bxd7 22. Nb1 Be6 23. Nc1 a5 24. a3 {(=)} Rf8 25. Rd2 Kg7 26. h3 Kf7 27. Rhd1
Rb8 28. Na2 Ke8 29. Rh2 Rc7 30. Rhd2 h6 31. Rh2 Bc5 32. Rhd2 Ke7 33. Rh2 h5 34.
Nd2 Rh8 35. Nf1 hxg4 36. hxg4 Rxh2+ 37. Nxh2 Rc8 38. Rd2 Rh8 39. Rg2 Rh3 40.
Kd1 Rg3 41. Re2 Bg1 42. Ke1 Bxh2 43. Rxh2 Rxf3 44. Rh7+ Bf7 45. Rh8 Rg3 46. Ra8
Rg1+ 47. Kd2 Rg2+ 48. Ke1 Rxb2 49. Rxa5 Rxa2 50. Rxb5 Be6 51. Rxe5 f3 52. a4
Kf6 53. Rc5 Bxg4 54. Rxc4 f2+ 0-1

[Event "4ème Open International des Sables d'Olo"]
[Site "Les Sables d'Olonne ; France"]
[Date "2017.07.15"]
[Round "1.9"]
[White "Tirard, Hugo"]
[Black "Girard, Eric"]
[Result "1-0"]
[WhiteElo "2404"]
[BlackElo "2055"]
[PlyCount "71"]
[EventDate "2017.??.??"]

1. e4 e6 2. d3 d5 3. Qe2 Be7 4. Nf3 Nf6 5. g3 c5 6. Bg2 Nc6 7. O-O b6 8. Re1
Bb7 9. e5 Nd7 10. h4 h6 11. c3 g5 12. hxg5 hxg5 13. g4 Nf8 14. d4 cxd4 15. cxd4
Nb4 16. a3 Ba6 17. Qd1 Nc6 18. Nc3 Ng6 19. Qa4 Bb7 20. Be3 Nh4 21. Rac1 Kf8 22.
b4 Qb8 23. Ne2 a5 24. b5 Na7 25. Nxg5 Qd8 26. f4 Qd7 27. Rb1 Rc8 28. Qb3 Rc4
29. Qd3 a4 30. Ng3 Nxb5 31. Nh7+ Ke8 32. Nh5 Kd8 33. N5f6 Qc6 34. Ng5 Nxg2 35.
Kxg2 Rf8 36. Qh7 {(voir la suite)} 1-0

[Event "4ème Open International des Sables d'Olo"]
[Site "Les Sables d'Olonne ; France"]
[Date "2017.07.15"]
[Round "1.10"]
[White "Dijkhuis, Oele"]
[Black "Colin, Vincent"]
[Result "0-1"]
[WhiteElo "2054"]
[BlackElo "2373"]
[PlyCount "60"]
[EventDate "2017.??.??"]

1. e4 c5 2. Nf3 d6 3. Bb5+ Nd7 4. O-O a6 5. Bd3 g6 6. c3 Bg7 7. Bc2 b6 8. d4
Bb7 9. Re1 Qc7 10. a4 Ngf6 11. d5 O-O 12. c4 e6 13. Nc3 exd5 14. cxd5 Rfe8 15.
Bf4 Nh5 16. Be3 Ne5 17. Nxe5 Bxe5 18. Qd2 Qd7 19. Bd3 f5 20. exf5 gxf5 21. Qc2
f4 22. Bc1 Nf6 23. Be2 Kh8 24. Bf3 b5 25. Qd3 c4 26. Qd1 b4 27. Ne2 Qf5 28. h3
Rg8 29. Kh1 Rae8 30. Ra2 a5 0-1

[Event "4ème Open International des Sables d'Olo"]
[Site "Les Sables d'Olonne ; France"]
[Date "2017.07.16"]
[Round "2.1"]
[White "Colin, Vincent"]
[Black "Ortiz Suarez, Isan Reynaldo"]
[Result "0-1"]
[WhiteElo "2373"]
[BlackElo "2565"]
[PlyCount "64"]
[EventDate "2017.??.??"]

1. d4 Nf6 2. Bf4 b6 3. e3 Bb7 4. Nd2 g6 5. h4 h5 6. Ngf3 Bg7 7. Bd3 d6 8. e4
O-O 9. Bg5 Nbd7 10. e5 dxe5 11. dxe5 Ng4 12. e6 Nde5 13. Be4 Bxe4 14. Nxe4 f5
15. Nc3 Qc8 16. Nxe5 Bxe5 17. Qd7 Qxd7 18. exd7 Rfd8 19. f3 Nf6 20. O-O-O Kf7
21. Rhe1 Bd6 22. Bxf6 exf6 23. Nb5 Bg3 24. Re2 a6 25. Nc3 Bd6 26. Rxd6 cxd6 27.
Nd5 Ra7 28. Re7+ Kf8 29. Re6 Raxd7 30. Rxf6+ Kg7 31. Re6 Rf7 32. a4 b5 {et
gain noir au coup 66.} 0-1

[Event "4ème Open International des Sables d'Olo"]
[Site "Les Sables d'Olonne ; France"]
[Date "2017.07.16"]
[Round "2.2"]
[White "Bailet, Pierre"]
[Black "Bogdanov, Egor"]
[Result "1-0"]
[WhiteElo "2525"]
[BlackElo "2292"]
[PlyCount "91"]
[EventDate "2017.??.??"]

1. e4 c5 2. Nf3 g6 3. d4 cxd4 4. Nxd4 Bg7 5. Nc3 Nc6 6. Be3 Nf6 7. Bc4 O-O 8.
Bb3 d6 9. f3 Ne5 10. Qd2 Bd7 11. O-O-O Rb8 12. Bh6 Bxh6 13. Qxh6 b5 14. h4 b4
15. Nd5 e6 16. Nf4 Kh8 {(=)} 17. Nd3 Nxd3+ 18. Rxd3 e5 19. Ne2 Bb5 20. Rd2 Ng8
21. Qe3 Qb6 22. Qxb6 Rxb6 23. Kb1 f5 24. c4 Bc6 25. exf5 gxf5 26. Rhd1 Rf6 27.
Ng3 Be8 28. c5 dxc5 29. Rd8 Bf7 30. Nh5 c4 31. Nxf6 cxb3 32. Nd5 bxa2+ 33. Kxa2
Rh6 34. b3 Rxh4 35. Ne3 Rh2 36. R1d2 Bg6 37. Ra8 h5 38. Nc4 e4 39. Ne5 Bh7 40.
Rxa7 e3 41. Rc2 h4 42. Nf7+ Kg7 43. Ng5+ Kg6 44. Nxh7 h3 45. Nf8+ Kf6 46. Rc6+
1-0

[Event "4ème Open International des Sables d'Olo"]
[Site "Les Sables d'Olonne ; France"]
[Date "2017.07.16"]
[Round "2.3"]
[White "Cotonnec, Melkior"]
[Black "Koziak, Vitali"]
[Result "1/2-1/2"]
[WhiteElo "2320"]
[BlackElo "2510"]
[PlyCount "137"]
[EventDate "2017.??.??"]

1. e4 e5 2. Nc3 Nf6 3. Bc4 Nc6 4. d3 Bb4 5. Nge2 d5 6. exd5 Nxd5 7. O-O Be6 8.
Bxd5 Bxd5 9. f4 O-O 10. f5 Bxc3 11. bxc3 f6 12. Ng3 Ne7 13. Qg4 Nc8 14. Ne4 Nd6
15. Ba3 Rf7 16. Nxd6 cxd6 17. Qb4 Rd7 18. Bc1 Qb6+ 19. Rf2 Qxb4 20. cxb4 Rc8
21. Bb2 Bf7 22. Kf1 d5 23. c3 e4 24. Rd2 exd3 25. Rxd3 d4 26. Rxd4 Rxd4 27.
cxd4 Rc2 28. Rc1 Rxc1+ 29. Bxc1 Bxa2 30. Ke2 Kf7 31. Bf4 Ke7 32. Bb8 a6 33. g4
h5 34. h3 Bd5 35. Ke3 Bg2 36. gxh5 Bxh3 37. Kf4 Bf1 38. Ba7 Be2 39. Bc5+ Ke8
40. d5 Bxh5 41. Ke4 Bd1 42. Kf4 Bc2 43. Bd6 Kf7 44. Bc5 Kg8 45. Be7 Kh7 46. Bc5
Kh6 47. Bf8 Bb3 48. Ke4 Ba4 49. Kf4 Bc2 50. Bc5 Bb3 51. Ke4 Kg5 52. Bf8 Bc2+
53. Ke3 Kxf5 54. Bxg7 Ke5 55. d6 Ba4 56. Kd3 Bd7 57. Bh8 Bb5+ 58. Ke3 Bc6 59.
Bg7 Bd7 60. Kd3 {(=)} b6 61. Bh8 Kf5 62. Kd4 Kg5 63. Ke3 Kf5 64. Kd4 Ke6 65.
Bg7 Kf7 66. Bh8 Kg6 67. Ke4 Kg5 68. Ke3 Kf5 69. Kd4 1/2-1/2

[Event "4ème Open International des Sables d'Olo"]
[Site "Les Sables d'Olonne ; France"]
[Date "2017.07.16"]
[Round "2.4"]
[White "Inkiov, Ventzislav"]
[Black "Hernandez Moya, Yuleisy"]
[Result "1-0"]
[WhiteElo "2459"]
[BlackElo "2256"]
[PlyCount "77"]
[EventDate "2017.??.??"]

1. d4 f5 2. c4 Nf6 3. Nc3 g6 4. Qc2 d6 5. Nf3 c6 6. e3 Bg7 7. Be2 O-O 8. O-O
Qc7 9. b3 a5 10. Bb2 Na6 11. Rac1 Kh8 12. Na4 Rb8 13. c5 Nb4 14. Qb1 Nbd5 15.
Nd2 b6 16. Nxb6 Nxb6 17. cxb6 Qxb6 18. Nc4 Qc7 19. Qc2 Nd5 20. Qd2 Ra8 21. Rb1
Be6 22. Rfc1 Rfb8 23. Ba1 Rb4 24. Bf3 Qb7 25. Nb2 Rb8 26. Nd3 Rb5 27. Nf4 Bf7
28. Nxd5 Bxd5 29. Be2 Rb6 30. Qxa5 Be4 31. Rb2 Rb4 32. Qa6 Qd7 33. Bf1 Bh6 34.
Qe2 Kg8 35. g3 Rxd4 36. exd4 Bxc1 37. Qc4+ Bd5 38. Qxc1 Qe6 39. Qe3 1-0

[Event "4ème Open International des Sables d'Olo"]
[Site "Les Sables d'Olonne ; France"]
[Date "2017.07.16"]
[Round "2.5"]
[White "Devallee, Jeremie"]
[Black "Legky, Nikolay A"]
[Result "0-1"]
[WhiteElo "2261"]
[BlackElo "2443"]
[PlyCount "68"]
[EventDate "2017.??.??"]

1. e4 c5 2. d4 cxd4 3. c3 Nf6 4. e5 Nd5 5. Nf3 e6 6. cxd4 d6 7. a3 Bd7 8. Bd3
Bc6 9. O-O Nd7 10. Qe2 Be7 11. Re1 Rc8 12. exd6 Bxd6 13. Ng5 N7f6 14. Nc3 O-O
15. Nce4 Be7 16. Ng3 Qd6 17. Nh3 Rfd8 18. Bg5 h6 19. Bd2 Bf8 20. Rad1 g5 21.
Nh5 Nxh5 22. Qxh5 Nf6 23. Qe2 Ba4 24. Rc1 Rxc1 25. Bxc1 Qxd4 26. Bc4 Bd1 27.
Qf1 Bc2 28. Be3 Qxb2 29. f4 g4 30. Nf2 Bf5 31. Nh1 Qxa3 32. Ng3 Bc5 33. Bxc5
Qxc5+ 34. Kh1 a6 0-1

[Event "4ème Open International des Sables d'Olo"]
[Site "Les Sables d'Olonne ; France"]
[Date "2017.07.16"]
[Round "2.6"]
[White "Eugene, Floryan"]
[Black "Dijkhuis, Tycho"]
[Result "0-1"]
[WhiteElo "2193"]
[BlackElo "2417"]
[PlyCount "70"]
[EventDate "2017.??.??"]

1. e4 c5 2. Nf3 d6 3. d4 cxd4 4. Nxd4 Nf6 5. Nc3 a6 6. Bc4 g6 7. a4 Bg7 8. O-O
O-O 9. Re1 Nc6 10. Nxc6 bxc6 11. a5 Bg4 12. f3 Be6 13. Qe2 d5 14. Rd1 Qd7 15.
Be3 Qb7 16. Bb3 dxe4 17. Bxe6 exf3 18. Qxf3 fxe6 19. Bd4 e5 20. Bb6 Nd5 21. Qg4
Nxb6 22. axb6 Qxb6+ 23. Kh1 Qxb2 24. Qc4+ Kh8 25. Ne4 Qb5 26. Qe6 Rf4 27. c4
Qb3 28. Ng5 Raf8 29. g3 R4f5 30. Qxe7 Rxg5 31. Qxg5 Qf3+ 32. Kg1 e4 33. Qd2 e3
34. Qg2 Qxg2+ 35. Kxg2 e2 0-1

[Event "4ème Open International des Sables d'Olo"]
[Site "Les Sables d'Olonne ; France"]
[Date "2017.07.16"]
[Round "2.7"]
[White "Haub, Thorsten Michael"]
[Black "Hutois, Mickael"]
[Result "1-0"]
[WhiteElo "2414"]
[BlackElo "2230"]
[PlyCount "79"]
[EventDate "2017.??.??"]

1. g3 e5 2. Bg2 d5 3. d3 c6 4. Nf3 Bd6 5. e4 Ne7 6. O-O O-O 7. b3 f6 8. h3 Be6
9. Nbd2 Nd7 10. d4 Qc7 11. Bb2 Rad8 12. Qe2 exd4 13. Nxd4 Bf7 14. c4 Rfe8 15.
cxd5 Nxd5 16. Nf5 Be5 17. Bxe5 Qxe5 18. Qg4 Bg6 19. Nxg7 Kxg7 20. exd5 cxd5 21.
Nf3 Qb2 22. Qd4 Qxd4 23. Nxd4 Be4 24. Rac1 Nb6 25. Rc7+ Rd7 26. Rxd7+ Nxd7 27.
Rc1 Kg6 28. Rc7 Ne5 29. f3 Bb1 30. Rxb7 Nd3 31. Rxa7 Re1+ 32. Bf1 Nc1 33. Kf2
Rd1 34. Ne2 Nd3+ 35. Kg1 Ne5 36. Nc3 Rd2 37. Bg2 d4 38. Nxb1 Rd1+ 39. Kh2 Rxb1
40. f4 1-0

[Event "4ème Open International des Sables d'Olo"]
[Site "Les Sables d'Olonne ; France"]
[Date "2017.07.16"]
[Round "2.8"]
[White "Henno, Francois"]
[Black "Tirard, Hugo"]
[Result "0-1"]
[WhiteElo "2001"]
[BlackElo "2404"]
[PlyCount "74"]
[EventDate "2017.??.??"]

1. e4 c5 2. Nf3 Nc6 3. d4 cxd4 4. Nxd4 e5 5. Nb5 d6 6. N1c3 a6 7. Na3 b5 8. Nd5
Nce7 9. c3 Nxd5 10. Qxd5 Be6 11. Qd3 Nf6 12. Bg5 Be7 13. Bxf6 Bxf6 14. Be2 Qb6
15. O-O O-O 16. Nc2 Bg5 17. Nb4 f5 18. Nd5 Qc5 19. Rad1 Ra7 20. Bf3 Raf7 21.
Qe2 Kh8 22. a4 bxa4 23. exf5 Bxf5 24. g3 g6 25. h4 Bh6 26. Bg2 Bd7 27. g4 Bb5
28. Qe4 Bxf1 29. Rxf1 Rxf2 30. Rxf2 Qxf2+ 31. Kh1 Qxh4+ 32. Kg1 Qf2+ 33. Kh1
Bf4 34. Nxf4 Qxf4 35. Qd5 Qxg4 36. Qxd6 Qh4+ 37. Kg1 Qf6 0-1

[Event "4ème Open International des Sables d'Olo"]
[Site "Les Sables d'Olonne ; France"]
[Date "2017.07.16"]
[Round "2.9"]
[White "Grishchenko, Sergey"]
[Black "Kibleur, Christophe"]
[Result "1-0"]
[WhiteElo "2439"]
[BlackElo "2008"]
[PlyCount "65"]
[EventDate "2017.??.??"]

1. d4 Nf6 2. c4 e6 3. Nc3 Bb4 4. e3 O-O 5. Nge2 d5 6. cxd5 exd5 7. g3 Re8 8.
Bg2 c6 9. O-O Bf5 10. f3 c5 11. a3 Bxc3 12. bxc3 c4 13. g4 Bd3 14. Re1 h6 15.
Nf4 Bh7 16. h4 Re7 17. g5 hxg5 18. hxg5 Ne8 19. e4 dxe4 20. fxe4 Nc7 21. Qh5
Nd7 22. a4 Ne6 23. Nxe6 Rxe6 24. Re3 Bg6 25. Qh4 Nf8 26. Rh3 Nh7 27. Bd2 Qa5
28. e5 Rd8 29. Be4 Bxe4 30. Qxe4 Nf8 31. Qh4 Ng6 32. Qh7+ Kf8 33. Bc1 1-0

[Event "4ème Open International des Sables d'Olo"]
[Site "Les Sables d'Olonne ; France"]
[Date "2017.07.16"]
[Round "2.10"]
[White "Frick, Christoph"]
[Black "Le Ruyet, Leopold"]
[Result "1-0"]
[WhiteElo "2239"]
[BlackElo "2337"]
[PlyCount "104"]
[EventDate "2017.??.??"]

1. e4 g6 2. d4 Bg7 3. Nc3 d6 4. Be3 a6 5. a4 b6 6. Bc4 e6 7. Qd2 Bb7 8. f3 Nf6
9. Bb3 Nbd7 10. Rd1 O-O 11. Nge2 c5 12. dxc5 dxc5 13. Qd6 Re8 14. O-O Qc8 15.
Bc4 Bc6 16. g4 Qb7 17. Ng3 b5 18. axb5 axb5 19. Be2 Red8 20. Qd2 b4 21. Nb1 Ne8
22. c3 Ba4 23. Rde1 Ne5 24. Qc1 Rac8 25. Bh6 Bb5 26. Bxg7 Kxg7 27. Qg5 f6 28.
Nh5+ Kf7 29. Nxf6 Nxf6 30. Qxe5 Bxe2 31. Rxe2 Qb5 32. Ref2 Rd3 33. cxb4 Qxb4
34. Nc3 Rcd8 35. Qg5 Qd4 36. e5 Ng8 37. Nb5 Qd7 38. Nd6+ Kg7 39. Qf4 Rd4 40.
Qc1 Qc6 41. Rd1 Qd5 42. Rxd4 Qxd4 43. Qd2 Rb8 44. Qa5 Rxb2 45. Qc7+ Kh8 46.
Nf7+ Kg7 47. Ng5+ Kh6 48. Qxh7+ Kxg5 49. f4+ Qxf4 50. Rxf4 Kxf4 51. Qxg8 Rb1+
52. Kg2 Rb2+ 1-0

[Event "4ème Open International des Sables d'Olo"]
[Site "Les Sables d'Olonne ; France"]
[Date "2017.07.17"]
[Round "3.1"]
[White "Ortiz Suarez, Isan Reynaldo"]
[Black "Haub, Thorsten Michael"]
[Result "1/2-1/2"]
[WhiteElo "2565"]
[BlackElo "2414"]
[PlyCount "118"]
[EventDate "2017.??.??"]

1. e4 e6 2. d4 d5 3. Nd2 Nf6 4. e5 Nfd7 5. c3 c5 6. Ngf3 Nc6 7. Bd3 cxd4 8.
cxd4 Nb6 9. O-O Bd7 10. Nb3 Be7 11. Nc5 Qc7 12. Be3 Nb4 13. Rc1 Bc6 14. Bb1 Nc4
15. b3 Nxe3 16. fxe3 a5 17. Ne1 O-O 18. Rf3 g6 19. Rh3 b6 20. Ncd3 Nxd3 21.
Nxd3 Ba3 22. Rc2 Rac8 23. Qg4 Qe7 24. Nf4 f5 25. exf6 Qxf6 26. Qxe6+ Qxe6 27.
Nxe6 Rfe8 28. Nf4 Bb7 29. Rf3 Rxc2 30. Bxc2 Rc8 31. Bd3 Rc3 32. h4 Bd6 33. Kf2
Be7 34. g3 Rc1 35. Kg2 Re1 36. Bb5 Bd6 37. Ne6 Bc8 38. Ng5 Bg4 39. Rf6 Be7 40.
Rf4 Bxg5 41. hxg5 Bf5 42. g4 Be4+ 43. Kf2 Rc1 44. Rf6 Kg7 45. Rxb6 h5 46. gxh5
gxh5 47. Be2 Rc2 48. Ke1 h4 49. Rh6 Rc1+ 50. Kd2 Rc2+ 51. Kd1 Rxa2 52. Rxh4
Ra1+ 53. Kd2 Ra2+ 54. Ke1 Ra1+ 55. Kd2 Ra2+ 56. Ke1 Ra1+ 57. Kf2 Ra2 58. Kf1
Ra1+ 59. Kf2 Ra2 1/2-1/2

[Event "4ème Open International des Sables d'Olo"]
[Site "Les Sables d'Olonne ; France"]
[Date "2017.07.17"]
[Round "3.3"]
[White "Dijkhuis, Tycho"]
[Black "Inkiov, Ventzislav"]
[Result "0-1"]
[WhiteElo "2417"]
[BlackElo "2459"]
[PlyCount "50"]
[EventDate "2017.??.??"]

1. e4 c5 2. Nf3 d6 3. Bb5+ Bd7 4. Bxd7+ Nxd7 5. O-O Ngf6 6. Qe2 e6 7. d4 cxd4
8. Nxd4 Be7 9. c4 a6 10. Nc3 O-O 11. b3 Re8 12. Bb2 Nf8 13. Rad1 Qa5 14. Kh1
Rad8 15. f4 d5 16. e5 Ne4 17. Nxe4 dxe4 18. a3 f5 19. g4 Qb6 20. b4 fxg4 21.
Qxe4 a5 22. c5 Bxc5 23. bxc5 Qxb2 24. f5 exf5 25. Qxf5 Qa2 0-1

[Event "4ème Open International des Sables d'Olo"]
[Site "Les Sables d'Olonne ; France"]
[Date "2017.07.17"]
[Round "3.4"]
[White "Tirard, Hugo"]
[Black "Grishchenko, Sergey"]
[Result "1-0"]
[WhiteElo "2404"]
[BlackElo "2439"]
[PlyCount "25"]
[EventDate "2017.??.??"]

1. e4 c6 2. d4 d5 3. e5 c5 4. dxc5 e6 5. a3 Bxc5 6. b4 Bb6 7. Qg4 Ne7 8. Nf3
Ng6 9. Bd3 Nc6 10. Bb2 Nce7 11. O-O Nf5 12. Re1 h5 13. Qg5 {[%emt 0:00:51] et
gain blanc au coup} 1-0

[Event "4ème Open International des Sables d'Olo"]
[Site "Les Sables d'Olonne ; France"]
[Date "2017.07.17"]
[Round "3.6"]
[White "Ruhlmann, Helene"]
[Black "Cotonnec, Melkior"]
[Result "0-1"]
[WhiteElo "1861"]
[BlackElo "2320"]
[PlyCount "82"]
[EventDate "2017.??.??"]

1. Nf3 f5 2. d3 Nc6 3. e4 e5 4. g3 d6 5. Bg2 Nf6 6. Nc3 g6 7. Bg5 h6 8. Bxf6
Qxf6 9. Nd5 Qf7 10. b4 Bg7 11. b5 Nd8 12. O-O c6 13. bxc6 bxc6 14. Ne3 O-O 15.
Nd2 Be6 16. c4 f4 17. Nc2 h5 18. Nf3 Bh6 19. c5 dxc5 20. Nxe5 Qf6 21. d4 cxd4
22. Qxd4 Bg7 23. Nf3 Qe7 24. e5 g5 25. Nd2 Nf7 26. Nc4 Rad8 27. Qc3 Qc5 28.
N2a3 Nxe5 29. Qa5 Qxa5 30. Nxa5 f3 31. Bh1 Rd3 32. Nb3 Bxb3 33. axb3 Rxb3 34.
Nc2 Rf7 35. Rae1 c5 36. h3 a5 37. Re3 a4 38. Ra1 Ra7 39. Ne1 Rxe3 40. fxe3 g4
41. hxg4 f2+ 0-1

[Event "4ème Open International des Sables d'Olo"]
[Site "Les Sables d'Olonne ; France"]
[Date "2017.07.17"]
[Round "3.7"]
[White "Joly, Bastien"]
[Black "Frick, Christoph"]
[Result "0-1"]
[WhiteElo "1630"]
[BlackElo "2239"]
[PlyCount "64"]
[EventDate "2017.??.??"]

1. d4 d5 2. Nf3 Nf6 3. Bf4 c5 4. e3 Nc6 5. Nbd2 Qb6 6. dxc5 Qxb2 7. Bd3 Qc3 8.
Rb1 a6 9. O-O Qxc5 10. a4 e6 11. c4 Be7 12. Qe2 O-O 13. Rfc1 Nb4 14. Nb3 Qc6
15. cxd5 Qxd5 16. Bc4 Qh5 17. Nbd4 Bd7 18. Qd2 Rac8 19. Be2 Qa5 20. Bd1 Bxa4
21. Rxc8 Rxc8 22. Ra1 b5 23. Ne5 Ne4 24. Qb2 Nc3 25. Bb3 Qb6 26. Nxf7 Bxb3 27.
Nh6+ gxh6 28. Qxb3 Rc4 29. Bxh6 Bf6 30. Re1 a5 31. Nc2 a4 32. Qa3 Qc5 0-1

[Event "4ème Open International des Sables d'Olo"]
[Site "Les Sables d'Olonne ; France"]
[Date "2017.07.17"]
[Round "3.8"]
[White "Colin, Vincent"]
[Black "Berger Dit Lacroix, Kilian"]
[Result "1-0"]
[WhiteElo "2373"]
[BlackElo "1738"]
[PlyCount "53"]
[EventDate "2017.??.??"]

1. d4 Nf6 2. Nf3 g6 3. c4 Bg7 4. Nc3 O-O 5. e4 d6 6. h3 e5 7. d5 a5 8. g4 Na6
9. Be3 Nc5 10. Nd2 Bd7 11. Qc2 Ne8 12. Rg1 Kh8 13. O-O-O f5 14. gxf5 gxf5 15.
Bxc5 dxc5 16. exf5 Bxf5 17. Bd3 Bxd3 18. Qxd3 Nd6 19. Nde4 b6 20. Rxg7 Kxg7 21.
Qg3+ Kh6 22. Rg1 Qe7 23. Nxd6 cxd6 24. Ne2 Rg8 25. Qe3+ Kh5 26. Nf4+ Kh4 27.
Ng6+ 1-0

[Event "4ème Open International des Sables d'Olo"]
[Site "Les Sables d'Olonne ; France"]
[Date "2017.07.17"]
[Round "3.9"]
[White "Bogdanov, Egor"]
[Black "Wahiche, Geoffrey"]
[Result "1-0"]
[WhiteElo "2292"]
[BlackElo "2083"]
[PlyCount "49"]
[EventDate "2017.??.??"]

1. e4 c5 2. c3 Nf6 3. e5 Nd5 4. d4 cxd4 5. Nf3 Nc6 6. cxd4 d6 7. Bc4 dxe5 8.
dxe5 Ndb4 9. Qxd8+ Nxd8 10. Na3 Bg4 11. O-O a6 12. Be2 Ndc6 13. h3 Bf5 14. Rd1
e6 15. Bd2 Be7 16. Nc4 Rd8 17. Ne3 Be4 18. a3 Nd5 19. Nxd5 Bxd5 20. Be3 O-O 21.
Bb6 Rc8 22. Rac1 Nb8 23. b4 Nd7 24. Bc7 Bc6 25. Rxc6 1-0